000 00275nam a2200109Ia 4500
008 190914s9999||||xx |||||||||||||| ||und||
100 _aS.C.Gupta
245 0 _aAdvanced Human Resource Management
260 _aNew Delhi
_bAll Books India
_c2005
300 _a640
942 _cBK
999 _c9710
_d9710